|
|
|
|
| LEADER |
01037nam a22002777a 4500 |
| 001 |
34622 |
| 003 |
BD-DhAAL |
| 005 |
20211118132930.0 |
| 008 |
190506r20152008ii a 000 0 eng d |
| 999 |
|
|
|c 40712
|d 40712
|
| 020 |
|
|
|a 9788180141560
|
| 020 |
|
|
|a 8186308504
|
| 040 |
|
|
|a BD-DhAAL
|
| 050 |
0 |
0 |
|a NK2110
|b .W385 2019
|
| 082 |
0 |
0 |
|a 747
|2 23
|
| 100 |
|
|
|a Rao, M. Pratap
|9 31511
|
| 245 |
1 |
0 |
|a Interior design :
|b principles and practice /
|c M. Pratap Rao
|
| 260 |
|
|
|a New York :
|b Standard Publishers Distributors,
|c 2008 [reprinted 2015]
|
| 300 |
|
|
|a 121 pages :
|b illustrations ;
|c 22 cm.
|
| 526 |
|
|
|a ARC
|
| 541 |
|
|
|a Mullick & Brothers
|e 34622
|
| 650 |
|
0 |
|a Interior decoration.
|9 31512
|
| 650 |
|
0 |
|a Architecture
|9 42838
|
| 852 |
|
|
|a Ayesha Abed Library
|c General Stacks
|
| 942 |
|
|
|2 ddc
|c BK
|
| 952 |
|
|
|0 0
|1 0
|2 ddc
|4 0
|6 747_000000000000000_RAO
|7 0
|9 65400
|a BRACUL
|b BRACUL
|c GEN
|d 2019-04-24
|e Mullick & Brothers
|g 300.00
|l 1
|m 10
|o 747 RAO
|p 3010034622
|r 2024-09-01
|s 2024-07-02
|t 1
|v 300.00
|w 2019-04-24
|y BK
|x Transferred from ARC to BRACUL on 28/12/2023
|